000 00451nam a2200157Ia 4500
008 210210b1999 xxu||||| |||| 00| 0 eng d
020 _a0 380 81196 0
082 _a155.4 FABH
100 _aFABER (Adele) and MAZLISH (Elaine).
245 _aHow to talk so kids will listen & listen so kids will talk.
260 _aNew York.
_bAvon Books.,
_c1999
300 _axiv,286
650 _aKids, Children
690 _aChild Psychol
906 _a056
999 _c104551
_d104551